<?xml version="1.0" encoding="UTF-8"?>
<record
    xmlns:xsi="http://www.w3.org/2001/XMLSchema-instance"
    xsi:schemaLocation="http://www.loc.gov/MARC21/slim http://www.loc.gov/standards/marcxml/schema/MARC21slim.xsd"
    xmlns="http://www.loc.gov/MARC21/slim">

  <leader>01021nam a2200193Ia 4500</leader>
  <controlfield tag="008">120626s9999    xx            000 0 und d</controlfield>
  <datafield tag="020" ind1=" " ind2=" ">
    <subfield code="a">968-16-0285-4</subfield>
  </datafield>
  <datafield tag="050" ind1="0" ind2="4">
    <subfield code="a">HB175 W4218 2004</subfield>
  </datafield>
  <datafield tag="100" ind1="1" ind2=" ">
    <subfield code="a">WEBER, Max</subfield>
  </datafield>
  <datafield tag="245" ind1="1" ind2="0">
    <subfield code="a">Econom&#xED;a y sociedad: Esbozo de sociolog&#xED;a comprensiva </subfield>
    <subfield code="c">autor, Max Weber; traductor, Jos&#xE9; Medina Echavarr&#xED;a; [et. al.] edici&#xF3;n preparada por, Johannes Winckelmann; nota preliminar de, Jos&#xE9; Medina Echavarr&#xED;a</subfield>
  </datafield>
  <datafield tag="250" ind1=" " ind2=" ">
    <subfield code="a">2a ed </subfield>
  </datafield>
  <datafield tag="260" ind1=" " ind2=" ">
    <subfield code="a">M&#xE9;xico </subfield>
    <subfield code="b">Fondo de Cultura Econ&#xF3;mica</subfield>
  </datafield>
  <datafield tag="300" ind1=" " ind2=" ">
    <subfield code="a">Xvi, 1237 paginas</subfield>
  </datafield>
  <datafield tag="500" ind1=" " ind2=" ">
    <subfield code="a">Contiene: &#xED;ndice general\ nota a nuestra segunda edici&#xF3;n en espa&#xF1;ol\ nota preliminar de la primera edici&#xF3;n en espa&#xF1;ol\ del pr&#xF3;logo a la primera edici&#xF3;n\ pr&#xF3;logo a la segunda edici&#xF3;n\ dedicatoria\ ap&#xE9;ndice\ &#xED;ndice de nombres propios y geogr&#xE1;ficos\ &#xED;ndice d</subfield>
  </datafield>
  <datafield tag="650" ind1="1" ind2="7">
    <subfield code="a">ECONOM&#xCD;A</subfield>
  </datafield>
  <datafield tag="650" ind1="1" ind2="7">
    <subfield code="a">SOCIOLOG&#xCD;A</subfield>
  </datafield>
  <datafield tag="700" ind1="1" ind2=" ">
    <subfield code="a">MEDINA ECHAVARR&#xCD;A, Jose trad. [et. al.]\ WINCKELMANN, Johannes ed.\ MEDINA ECHAVARR&#xCD;A, Jos&#xE9; nota prel.&#xCC;</subfield>
  </datafield>
  <datafield tag="942" ind1=" " ind2=" ">
    <subfield code="c">LB</subfield>
  </datafield>
  <datafield tag="952" ind1=" " ind2=" ">
    <subfield code="0">0</subfield>
    <subfield code="1">0</subfield>
    <subfield code="4">0</subfield>
    <subfield code="7">0</subfield>
    <subfield code="a">07</subfield>
    <subfield code="b">07</subfield>
    <subfield code="d">2012-02-09</subfield>
    <subfield code="l">1</subfield>
    <subfield code="o">HB175 W4218 2004</subfield>
    <subfield code="p">07 003191</subfield>
    <subfield code="r">2014-04-23</subfield>
    <subfield code="s">2013-10-05</subfield>
    <subfield code="t">1</subfield>
    <subfield code="w">2012-06-26</subfield>
    <subfield code="y">LB</subfield>
  </datafield>
  <datafield tag="999" ind1=" " ind2=" ">
    <subfield code="c">67940</subfield>
    <subfield code="d">67940</subfield>
  </datafield>
</record>
